• 首页
  • 本馆介绍
  • 公告通知
  • 最新文献
  • 馆藏检索
  • 电子资源
  • 读者导购
  • 参考咨询
  • 我的图书馆
  • 登录
  • 详细信息显示
  • 放入我的书架
  • 预约/预借图书
  • 作者相关作品
  • 分类相关作品
  • 丛书相关作品
  • 出版社相关作品

书目信息

  • 表格格式
  • 工作单格式
  • 卡片格式
题名:
干细胞科技与产业发展报告
    
 
作者: 代涛 主编
分册:  
出版信息: 北京   科学出版社  2012
页数: 278页
开本: 26cm
丛书名:
单 册:
中图分类: F407.77 , Q24
科图分类:
主题词: 技术发展 , 产业发展 , 干细胞--高技术产业化--产业发展--研究报告--世界 , 干细胞 , 干细胞--技术发展--研究报告--世界 , 高技术产业化
电子资源:
ISBN: 978-7-03-033382-7
000 01272nam0 2200325 45
001 1355398577
005 20130513104643.62
010    @a978-7-03-033382-7@b精装@dCNY88.00
100    @a20130108d2012 em y0chiy50 ea
101 0  @achi
102    @aCN@b110000
105    @afk z 000yy
106    @ar
200 1  @a干细胞科技与产业发展报告@AGan Xi Bao Ke Ji Yu Chan Ye Fa Zhan Bao Gao@f代涛主编@FDai Tao Zhu Bian
210    @a北京@c科学出版社@d2012
215    @a278页@c图版@d26cm
312    @a封面英文题名:Development report on technology and industry of stem cell
330    @a本书分三部分:管理篇、科技篇和产业篇。主要跟踪分析国际干细胞领域研发策略,介绍干细胞科技研究进展,展望全球干细胞产业发展方向。在此基础上,提出对我国干细胞研究的建议,为我国干细胞领域政策制定及干细胞科研方向与产业发展提供参考依据和信息支持。
510 1  @aDevelopment report on technology and industry of stem cell@zeng
606 0  @a技术发展
606 0  @a产业发展
606 0  @a干细胞@x高技术产业化@x产业发展@x研究报告@y世界
606 0  @a干细胞
606 0  @a干细胞@x技术发展@x研究报告@y世界
606 0  @a高技术产业化
690    @aF407.77@v5
690    @aQ24@v5
701  0 @a代涛@ADai Tao@4主编
801    @aCN@bTANGWEI@c20130111
905    @b0830980-82@dF407.77@e210@f3
    
    干细胞科技与产业发展报告/代涛主编.-北京:科学出版社,2012
    278页:图版;26cm
    
    
    ISBN 978-7-03-033382-7(精装):CNY88.00
    本书分三部分:管理篇、科技篇和产业篇。主要跟踪分析国际干细胞领域研发策略,介绍干细胞科技研究进展,展望全球干细胞产业发展方向。在此基础上,提出对我国干细胞研究的建议,为我国干细胞领域政策制定及干细胞科研方向与产业发展提供参考依据和信息支持。
●
相关链接 在E读中查询图书 在五车中查询图书 在当当中查询图书 在豆瓣中查询图书


正题名:干细胞科技与产业发展报告     索取号:F407.77/210         预约/预借

序号 登录号 条形码 馆藏地/架位号 状态 备注
1 0830980   208309800   第一样本阅览室/ [索取号:F407.77/210] 在馆    
2 0830981   208309819   第一借阅区/ [索取号:F407.77/210] 在馆    
3 0830982   208309828   第一借阅区/ [索取号:F407.77/210] 在馆    
唐山师范学院图书馆 欢迎您!
大连网信软件有限公司© 版权所有